Представление документа в формате RUSMARC

ПолеНазваниеЗначение
  Тип записи a
  Библиографический уровень m
001 Контрольный номер RU/УОНБ/EK/308421113
005 Дата корректировки 20220304195251.5
100 Данные общей обработки __
a Данные общей обработки 20091009g2008 k y0rusy0189||||ca
101 Язык документа 0_
a Язык текста rus
102 Страна публикации __
a Страна публикации RU
105 Кодированные данные (монография) __
a Кодированные данные (монография) a z 000yy
200 Заглавие и сведения об ответственности 1_
a Заглавие Новые технологии в теплоснабжении и строительстве
e Сведения, относящиеся к заглавию сб. работ аспирантов и студ. - сотр. науч.-исслед. лаб. "Теплоэнергетические системы и установки"
f Первые сведения об ответственности Федерал. агентство по образованию, Ульян. гос. техн. ун-т
210 Выходные данные 1_
a Место издания Ульяновск
c Издательство Изд-во УлГУ
d Дата издания 2008 -
215 Физическое описание __
d Формат 20 см
712 Наименование организации (Вторичная ответственность) 02
a Организация/ юрисдикция Ульяновский государственный технический университет
4 Код отношения 570
801 Источник записи _0
a Страна RU
b Организация Ульяновская ОНБ
c Дата составления 20091009
g Правила каталогизации RCR
801 Источник записи _1
a Страна RU
b Организация Ульяновская ОНБ
c Дата составления 20091009
g Правила каталогизации RCR
901 Тип документа __
t Тип документа v
938 Служебная информация __
a Имя БД books
b Имя библиотеки УОНБ
c Имя АИБС МАРК-SQL
d Номер DOC_ID в БД 121637